| 000 | 00984cad a22001935a 4500 | ||
|---|---|---|---|
| 001 | L146654 | ||
| 008 | 090211e20080609xxk f 000 0 eng d | ||
| 035 | _a(Sirsi) u146654 | ||
| 041 | 0 | _aeng | |
| 110 | 2 |
_aRoyal Institution of Chartered Surveyors _94900 |
|
| 245 | 0 | 0 |
_aRICS set to transform process of appointing a surveyor _h[electronic resource] |
| 260 | _c2008 | ||
| 490 |
_aRICS Press Release _v(PR041) 9 June 2008 |
||
| 520 | _aAnnounces the release of the new consultancy appointment form, which will simplify and improve the appointment of a surveyor. Explains that they take into account recent legal changes in health and safety and in company administration. The form exists in two versions: a Standard Form of Appointment which can be used for projects of any size or value, and a Short Form of Appointment to be used for smaller projects. | ||
| 590 | _aKA | ||
| 651 | 4 |
_aEngland and Wales _y1543- |
|
| 690 | _aBUILT ENVIRONMENT-BUILDING CONTRACT FORMS | ||
| 942 | _n0 | ||
| 999 |
_c81224 _d81224 |
||